Daniel Day-Lewis Movies Quiz Stats

 Plays Quiz Updated Jan 2, 2018

Score 0/20 Timer 06:00
4 Plays Today
Year Movie % Correct
2012Lincoln
91.5%
2002Gangs of New York
89.3%
2007There Will Be Blood
87.5%
1989My Left Foot: The Story of Christy Brown
71.7%
1992The Last of the Mohicans
67%
2017Phantom Thread
60.2%
1993In the Name of the Father
43.9%
1996The Crucible
41.6%
1997The Boxer
30.9%
2009Nine
26.6%
Year Movie % Correct
1993The Age of Innocence
25.9%
2005The Ballad of Jack and Rose
19.5%
1985My Beautiful Laundrette
17.8%
1985A Room with a View
17%
1988The Unbearable Lightness of Being
15.6%
1982Gandhi
14.5%
1984The Bounty
9.6%
1988Stars and Bars
6.7%
1989Eversmile, New Jersey
5.7%
1986Nanou
5.2%

You're not logged in!

Compare scores with friends on all Sporcle quizzes.
OR
Log In

Sporcle TV

Today on Sporcle TV


Watch our educational content, quiz creation guides, and fun videos on Sporcle TV.

Show Comments

Extras

Top Quizzes Today


Score Distribution

Your Account Isn't Verified!

In order to create a playlist on Sporcle, you need to verify the email address you used during registration. Go to your Sporcle Settings to finish the process.

Report this User

Report this user for behavior that violates our Community Guidelines.

Details: